[Event "55th World U20 ch"]
[Site "Bhubaneswar IND"]
[Date "2016.08.15"]
[Round "8.19"]
[White "Papakonstantinou, Dimitrios"]
[Black "Akash, Ganesan"]
[Result "1/2-1/2"]
[WhiteElo "2180"]
[BlackElo "2400"]
[EventDate "2016.08.08"]
[PlyCount "73"]

1.e4 c5 2.Nf3 Nc6 3.d4 cxd4 4.Nxd4 Nf6 5.Nc3 e5 6.Ndb5 d6 7.Bg5 a6 8.Na3 
b5 9.Bxf6 gxf6 10.Nd5 Bg7 11.c3 Ne7 12.Nc2 f5 13.Nxe7 Qxe7 14.exf5 Bb7 15.
Ne3 O-O 16.Be2 Rad8 17.Nd5 Qg5 18.h4 Qh6 19.a4 Bxd5 20.Qxd5 bxa4 21.O-O 
Rb8 22.Rfb1 Qxh4 23.g3 Qg5 24.Rxa4 Qxf5 25.Bd3 Qg5 26.Rxa6 Kh8 27.Rxd6 f5 
28.Kg2 Rbd8 29.Ra1 Rxd6 30.Qxd6 f4 31.Rh1 f3+ 32.Kg1 e4 33.Bxe4 Qc1+ 34.
Kh2 Qxb2 35.Kg1 Qc1+ 36.Kh2 Qb2 37.Kg1 1/2-1/2

[Event "55th World U20 ch"]
[Site "Bhubaneswar IND"]
[Date "2016.08.15"]
[Round "8.20"]
[White "Yuan Qingyu"]
[Black "Dhulipalla, Bala Chandra Prasad"]
[Result "1/2-1/2"]
[WhiteElo "2366"]
[BlackElo "2276"]
[EventDate "2016.08.08"]
[PlyCount "155"]

1.c4 e5 2.Nc3 Nf6 3.g3 Bb4 4.Bg2 O-O 5.Nd5 Nxd5 6.cxd5 c6 7.e3 cxd5 8.Bxd5
Qa5 9.Qb3 Na6 10.a3 Be7 11.Ne2 Nc5 12.Qc4 b5 13.Qc3 b4 14.axb4 Qxa1 15.
Bxa8 Ba6 16.bxc5 Rxa8 17.f3 d6 18.cxd6 Bxd6 19.b3 Qxc3 20.dxc3 Rc8 21.Bd2 
Rb8 22.b4 Rd8 23.Nc1 Bc7 24.Rg1 Bb6 25.Rg2 f5 26.g4 Bb7 27.Ke2 e4 28.f4 
Ba6+ 29.Ke1 Rd5 30.Nb3 Kf7 31.gxf5 Rxf5 32.Nd4 Rh5 33.Kf2 Rh3 34.Kg1 Rh5 
35.Nc6 Rd5 36.Nd4 Kf6 37.Be1 h6 38.Bg3 Bd3 39.Bh4+ g5 40.fxg5+ hxg5 41.
Rf2+ Kg6 42.Bg3 Bxd4 43.cxd4 a5 44.bxa5 Rxa5 45.Rf8 Be2 46.h3 Rf5 47.Re8 
Rf3 48.Bb8 Rxe3 49.Kf2 Bb5 50.Rg8+ Kf7 51.Rxg5 Rf3+ 52.Ke1 Re3+ 53.Kf2 
Rf3+ 54.Kg1 Bd7 55.h4 e3 56.Rg3 Rxg3+ 57.Bxg3 Bg4 58.d5 Bf3 59.d6 Ke6 60.
Bf4 Bg4 61.Kg2 e2 62.Kf2 Bh5 63.Bg3 Kd7 64.Bf4 Ke6 65.Be5 Kd7 66.Bf4 Ke6 
67.Bg3 Kd7 68.Ke3 e1=Q+ 69.Bxe1 Kxd6 70.Kf4 Ke7 71.Kg5 Bd1 72.Kg6 Kf8 73.
Bc3 Kg8 74.Bg7 Bc2+ 75.Kf6 Kh7 76.h5 Bd1 77.h6 Bc2 78.Kf7 1/2-1/2

[Event "55th World U20 ch"]
[Site "Bhubaneswar IND"]
[Date "2016.08.15"]
[Round "8.21"]
[White "Studer, Noel"]
[Black "Tran Minh Thang"]
[Result "1-0"]
[WhiteElo "2477"]
[BlackElo "2353"]
[EventDate "2016.08.08"]
[PlyCount "73"]

1.e4 c5 2.Nf3 e6 3.d4 cxd4 4.Nxd4 Nc6 5.Nc3 Qc7 6.Be3 a6 7.Qf3 b5 8.Nxc6 
Qxc6 9.Bd3 Bb7 10.Qg3 Nf6 11.f3 d6 12.a3 Nd7 13.Bd4 Rg8 14.O-O Be7 15.Kh1 
h5 16.Qe1 Ne5 17.Be2 g5 18.a4 bxa4 19.Rxa4 h4 20.Qf2 Ng6 21.Bb6 Ne5 22.Bd4
Ng6 23.Rfa1 Nf4 24.Bf1 Rg6 25.Bb6 d5 26.Bd4 dxe4 27.fxe4 Bf6 28.Rc4 Qd7 
29.Bxf6 Rxf6 30.Rd1 Qe7 31.Qb6 e5 32.Qa5 Rc6 33.Nd5 Nxd5 34.Rxc6 Ne3 35.
Rc7 Qf6 36.Qa4+ Kf8 37.Qa3+ 1-0

[Event "55th World U20 ch"]
[Site "Bhubaneswar IND"]
[Date "2016.08.15"]
[Round "8.22"]
[White "Rakesh, Kumar Jena"]
[Black "Nihal, Sarin"]
[Result "1-0"]
[WhiteElo "2161"]
[BlackElo "2358"]
[EventDate "2016.08.08"]
[PlyCount "125"]

1.Nf3 c5 2.g3 Nc6 3.Bg2 g6 4.O-O Bg7 5.c3 e5 6.d4 cxd4 7.cxd4 e4 8.Ne5 d5 
9.f3 Qb6 10.Nxc6 bxc6 11.fxe4 Bxd4+ 12.e3 Be5 13.exd5 Ba6 14.Rf2 Nf6 15.
Qa4 O-O 16.dxc6 Bb5 17.Qh4 Rad8 18.Nd2 Qxe3 19.Nf1 Qe1 20.Bf4 Qxa1 21.Bxe5
Nh5 22.c7 Rde8 23.Bd6 Qc1 24.Bxf8 Rxf8 25.Qd8 Ba6 26.Bd5 Qc5 27.b4 Qb6 28.
Qe7 Kg7 29.b5 Bc8 30.Ne3 Nf6 31.Bc6 Qd4 32.Kg2 Be6 33.a4 Ne4 34.Qh4 Qxe3 
35.Bxe4 Rc8 36.Qf6+ Kh6 37.Qh4+ Kg7 38.Qf6+ Kh6 39.Bc6 Rxc7 40.Qh4+ Kg7 
41.Qf6+ Kh6 42.Qf4+ Qxf4 43.Rxf4 Bd7 44.Bxd7 Rxd7 45.a5 Kg7 46.Rb4 Kf6 47.
Kf3 Ke5 48.Ke3 Rb7 49.b6 axb6 50.a6 Rc7 51.Rb5+ Kf6 52.Rxb6+ Kg5 53.Kd4 f5
54.Rb7 Rc1 55.a7 Ra1 56.Rxh7 Kg4 57.Kc5 g5 58.Kb6 Kf3 59.Rf7 Rb1+ 60.Kc7 
Ra1 61.Kb8 Kg2 62.h4 f4 63.gxf4 1-0

[Event "55th World U20 ch"]
[Site "Bhubaneswar IND"]
[Date "2016.08.15"]
[Round "8.23"]
[White "Chakravarthi Reddy, M."]
[Black "Srijit, Paul"]
[Result "0-1"]
[WhiteElo "2228"]
[BlackElo "2217"]
[EventDate "2016.08.08"]
[PlyCount "112"]

1.c4 f5 2.Nc3 Nf6 3.d4 d6 4.Bg5 Nbd7 5.Qc2 g6 6.Nh3 Bg7 7.O-O-O c6 8.f3 
Nf8 9.e4 Qa5 10.Bd2 Qc7 11.Bd3 fxe4 12.fxe4 Bg4 13.Rde1 e5 14.d5 N8d7 15.
Nf2 Nc5 16.dxc6 bxc6 17.Nxg4 Nxg4 18.Be2 Nf6 19.h4 Ne6 20.Bd1 Nd7 21.Na4 
Nb6 22.h5 Nxa4 23.Qxa4 Nc5 24.Qa3 Qf7 25.Qc3 Rb8 26.Rhf1 Qb7 27.b4 Qxb4 
28.Qxb4 Nd3+ 29.Kb1 Nxb4 30.Ka1 Nd3 31.Re3 Nc5 32.Ra3 Nxe4 33.Be1 Rf8 34.
Rxf8+ Kxf8 35.hxg6 hxg6 36.Rxa7 Bh6 37.Ra6 Be3 38.Bb3 Nc5 39.Rxc6 Bd4+ 40.
Kb1 Nxb3 41.axb3 Rxb3+ 42.Kc2 Rb2+ 43.Kd3 Ke7 44.g4 Kd7 45.Ra6 Bc5 46.Bc3 
Rg2 47.Bxe5 dxe5 48.Rxg6 Bd6 49.Rg7+ Kc6 50.Rg8 Rg3+ 51.Ke4 Rc3 52.c5 Rxc5
53.Rc8+ Bc7 54.g5 Rc4+ 55.Kf5 Rf4+ 56.Kg6 Kd7 0-1

[Event "55th World U20 ch"]
[Site "Bhubaneswar IND"]
[Date "2016.08.15"]
[Round "8.24"]
[White "Shailesh, Dravid"]
[Black "Lokander, Martin"]
[Result "1/2-1/2"]
[WhiteElo "2224"]
[BlackElo "2365"]
[EventDate "2016.08.08"]
[PlyCount "63"]

1.e4 e6 2.Nc3 d5 3.Nf3 Nf6 4.e5 Nfd7 5.d4 c5 6.dxc5 Nc6 7.Bf4 Bxc5 8.Bd3 
a6 9.Qe2 b5 10.a3 Bb7 11.O-O Qc7 12.Rad1 O-O-O 13.Bg3 Nb6 14.a4 b4 15.Na2 
Nxa4 16.Bxa6 Nxb2 17.Rb1 Nc4 18.Bxb7+ Qxb7 19.Bh4 Be7 20.Bxe7 Qxe7 21.Qe1 
Kc7 22.Nxb4 Nxb4 23.Rxb4 Rb8 24.Ra4 Ra8 25.Qa1 Rxa4 26.Qxa4 Rb8 27.Qa7+ 
Rb7 28.Qd4 Na5 29.Qc3+ Nc4 30.Qd4 Na5 31.Qc3+ Nc4 32.Qd4 1/2-1/2

[Event "55th World U20 ch"]
[Site "Bhubaneswar IND"]
[Date "2016.08.15"]
[Round "8.25"]
[White "Martins, David Pires Tavares"]
[Black "Ranjan Sahoo, Utkal"]
[Result "1-0"]
[WhiteElo "2402"]
[BlackElo "2266"]
[EventDate "2016.08.08"]
[PlyCount "121"]

1.Nf3 d5 2.c4 e6 3.g3 Nf6 4.Bg2 Be7 5.O-O O-O 6.b3 b6 7.Bb2 Bb7 8.e3 Nbd7 
9.Nc3 Ne4 10.Ne2 Bf6 11.Qc2 Bxb2 12.Qxb2 dxc4 13.bxc4 c5 14.d3 Nd6 15.a4 
Rb8 16.Rfb1 Qc7 17.Qc3 Rfd8 18.Nf4 Bc6 19.Ra3 h6 20.h3 Ne8 21.Rd1 Nef6 22.
a5 bxa5 23.Qxa5 Qxa5 24.Rxa5 g5 25.Ne1 gxf4 26.Bxc6 fxe3 27.fxe3 Rb2 28.d4
cxd4 29.Rxd4 Rb6 30.Ba4 Rb1 31.Kf1 Rc1 32.Ke2 e5 33.Rd2 Rxc4 34.Rxa7 Rxa4 
35.Rxa4 Rb8 36.Nd3 Kg7 37.Nf2 Nc5 38.Rc4 Ne6 39.Kf1 Rb3 40.Nd1 Ng5 41.Kg2 
Nge4 42.Re2 Kg6 43.Nf2 Nc3 44.Re1 Ncd5 45.Kf3 h5 46.Ne4 Ng8 47.Rc6+ Kg7 
48.Nd2 Rb4 49.e4 Nde7 50.Rc7 Ng6 51.Rb1 Rd4 52.Ke3 Ra4 53.Nc4 Nh6 54.Rb5 
h4 55.g4 Ra1 56.g5 Ng4+ 57.hxg4 h3 58.Rbb7 Rf1 59.Nd6 Kg8 60.Nxf7 h2 61.
Nh6+ 1-0

[Event "55th World U20 ch"]
[Site "Bhubaneswar IND"]
[Date "2016.08.15"]
[Round "8.26"]
[White "Subhayan, Kundu"]
[Black "Pirverdiev, Agil"]
[Result "0-1"]
[WhiteElo "2189"]
[BlackElo "2364"]
[EventDate "2016.08.08"]
[PlyCount "76"]

1.e4 c6 2.d4 d5 3.exd5 cxd5 4.c4 Nf6 5.Nc3 e6 6.c5 Be7 7.Nf3 O-O 8.Bf4 b6 
9.b4 Bb7 10.Bd3 a5 11.a3 Ne4 12.Na4 axb4 13.axb4 bxc5 14.bxc5 Qa5+ 15.Bd2 
Nxd2 16.Qxd2 Bc6 17.Bc2 Qa6 18.Bd3 Bb5 19.Ke2 Nd7 20.Nb6 Bxd3+ 21.Qxd3 
Qxd3+ 22.Kxd3 Nxb6 23.cxb6 f6 24.b7 Rab8 25.Rhb1 Rfd8 26.Ra6 Kf7 27.Rbb6 
Rd7 28.Rxe6 Rdxb7 29.Rec6 Rb2 30.Nd2 R8b7 31.Rc2 R2b4 32.Ra5 Rd7 33.Nf3 g5
34.h3 h5 35.Raa2 Rb3+ 36.Rc3 Rb1 37.Ke2 Bb4 38.Rcc2 Re7+ 0-1

[Event "55th World U20 ch"]
[Site "Bhubaneswar IND"]
[Date "2016.08.15"]
[Round "8.27"]
[White "Viennot, Dylan"]
[Black "Sammed Jaykumar, Shete"]
[Result "0-1"]
[WhiteElo "2342"]
[BlackElo "2253"]
[EventDate "2016.08.08"]
[PlyCount "156"]

1.d4 Nf6 2.Bf4 g6 3.Nf3 Bg7 4.e3 O-O 5.h3 d6 6.Be2 c5 7.Nbd2 b6 8.O-O Bb7 
9.c3 Nbd7 10.Bh2 a6 11.a4 Ra7 12.Nc4 Bc6 13.dxc5 bxc5 14.Nfd2 Ne4 15.Nxe4 
Bxe4 16.Qb3 Qc7 17.a5 Rb7 18.Qa3 Rfb8 19.Rfd1 Bf8 20.Rac1 Qc6 21.f3 Bd5 
22.b4 Be6 23.Kf2 Qc8 24.Nb2 Rc7 25.Nd3 cxb4 26.cxb4 Bc4 27.Nf4 Rb5 28.Bxc4
Rxc4 29.Nd3 Rc2+ 30.Kf1 Rd5 31.Qb3 Rxc1 32.Nxc1 Rxd1+ 33.Qxd1 Qc4+ 34.Nd3 
Bg7 35.Ke2 Nb8 36.Qc1 Qxc1 37.Nxc1 Nc6 38.Na2 Kf8 39.Kd3 Ke8 40.Kc4 Na7 
41.e4 Kd7 42.Nc1 Kc6 43.Nd3 Nb5 44.Bf4 Bd4 45.Bc1 e6 46.Bb2 Be3 47.Bf6 
Na3+ 48.Kb3 Nb1 49.Be7 Nd2+ 50.Kc3 Nf1 51.e5 d5 52.Bc5 Bd2+ 53.Kb3 Kb5 54.
Bd6 Ne3 55.g4 Ng2 56.Kc2 Bg5 57.Kb3 Nf4 58.Ne1 Ne2 59.Nc2 Bd2 60.Na3+ Kc6 
61.Nc2 Bf4 62.Ka4 Nc3+ 63.Kb3 Nb5 64.Bb8 f6 65.Ne1 Nd4+ 66.Ka4 fxe5 67.Nd3
Nxf3 68.Nc5 d4 69.Nxe6 d3 70.Kb3 d2 71.Kc2 Be3 72.Kd1 Ne1 73.Nc5 Bxc5 74.
bxc5 Nf3 75.Ba7 e4 76.Bb8 Kxc5 77.Ba7+ Kb4 78.Bb6 Kc3 0-1

[Event "55th World U20 ch"]
[Site "Bhubaneswar IND"]
[Date "2016.08.15"]
[Round "8.28"]
[White "Yogit, S."]
[Black "Rydstrom, Tom"]
[Result "0-1"]
[WhiteElo "2270"]
[BlackElo "2315"]
[EventDate "2016.08.08"]
[PlyCount "74"]

1.e4 e5 2.Nf3 Nc6 3.Bb5 a6 4.Ba4 Nf6 5.O-O Be7 6.d3 b5 7.Bb3 d6 8.a4 Rb8 
9.c3 O-O 10.Nbd2 Na5 11.Bc2 c5 12.d4 cxd4 13.cxd4 Nc6 14.h3 Qc7 15.Nb3 Bd7
16.axb5 axb5 17.Bd2 Bd8 18.d5 Ne7 19.Ba5 Qb7 20.Bb4 Qb6 21.Ra5 Ng6 22.Qa1 
Be7 23.Ra6 Qc7 24.Rc1 Nf4 25.Bd1 Qd8 26.Qb1 Bxh3 27.gxh3 Qd7 28.Rc3 Qxh3 
29.Ne1 Qh4 30.Rg3 Nh3+ 31.Kg2 Nxf2 32.Nf3 Qxe4 33.Bc2 Qxb4 34.Kxf2 Rbc8 
35.Nfd2 g6 36.Ra7 Nh5 37.Rxe7 Qh4 0-1

[Event "55th World U20 ch"]
[Site "Bhubaneswar IND"]
[Date "2016.08.15"]
[Round "8.29"]
[White "Krishna Teja, N."]
[Black "Barath Kalyan, M."]
[Result "0-1"]
[WhiteElo "2282"]
[BlackElo "2197"]
[EventDate "2016.08.08"]
[PlyCount "106"]

1.d4 Nf6 2.c4 e6 3.Nf3 Bb4+ 4.Nbd2 O-O 5.a3 Bxd2+ 6.Bxd2 b6 7.Bg5 Bb7 8.e3
d6 9.Qc2 Nbd7 10.Bd3 Qe8 11.O-O-O e5 12.dxe5 dxe5 13.Bf5 e4 14.Nd4 a6 15.
Qc3 h6 16.h4 c5 17.Ne2 hxg5 18.hxg5 Qe5 19.gxf6 Qxc3+ 20.Nxc3 Nxf6 21.Rd6 
b5 22.cxb5 axb5 23.Nxb5 Ra6 24.Rxa6 Bxa6 25.Nd6 Bd3 26.Rd1 g6 27.Bh3 Rb8 
28.g3 Rb6 29.Nc8 Ra6 30.Bf1 c4 31.Bxd3 cxd3 32.Kd2 Kf8 33.Rc1 Ng4 34.Rc4 
f5 35.Rc7 Nxf2 36.Ne7 Nh1 37.Nd5 Nxg3 38.Rc1 Ne2 39.Ra1 Rd6 40.Nc3 Nxc3 
41.Kxc3 f4 42.Kd2 f3 43.a4 Rc6 44.a5 f2 45.Rf1 Rc2+ 46.Kd1 Rxb2 47.Kc1 Ra2
48.Kb1 Re2 49.a6 Re1+ 50.Ka2 Rxf1 51.a7 Ra1+ 52.Kxa1 f1=Q+ 53.Kb2 Qf6+ 0-1

[Event "55th World U20 ch"]
[Site "Bhubaneswar IND"]
[Date "2016.08.15"]
[Round "8.30"]
[White "Taalaibekov, Tagir"]
[Black "Gajwa, Ankit"]
[Result "1-0"]
[WhiteElo "2182"]
[BlackElo "2282"]
[EventDate "2016.08.08"]
[PlyCount "67"]

1.d4 Nf6 2.Nc3 d5 3.Bf4 g6 4.h4 Bg7 5.e3 c6 6.Bd3 Nbd7 7.Nf3 O-O 8.Ne5 Nh5
9.Bh2 Nxe5 10.dxe5 d4 11.Ne4 Qa5+ 12.Qd2 Qb6 13.O-O-O dxe3 14.Qxe3 Qxe3+ 
15.fxe3 Bh6 16.Ng5 Bg4 17.Rdf1 f6 18.Bc4+ Kg7 19.exf6+ exf6 20.Bf4 Nxf4 
21.exf4 Rfe8 22.Re1 Rad8 23.g3 b5 24.Bb3 c5 25.Nf7 Rxe1+ 26.Rxe1 Rd7 27.
Nxh6 Kxh6 28.c4 b4 29.Bc2 Kh5 30.Be4 Re7 31.Bxg6+ Kxg6 32.Rxe7 h5 33.Kd2 
Kf5 34.Ke3 1-0

[Event "55th World U20 ch"]
[Site "Bhubaneswar IND"]
[Date "2016.08.15"]
[Round "8.31"]
[White "Rahul Srivatshav, P."]
[Black "Gandhi, Anish"]
[Result "1-0"]
[WhiteElo "2280"]
[BlackElo "2156"]
[EventDate "2016.08.08"]
[PlyCount "41"]

1.d4 Nf6 2.c4 g6 3.Nc3 Bg7 4.e4 d6 5.Nf3 O-O 6.h3 e5 7.d5 Nh5 8.g3 f5 9.
exf5 gxf5 10.Nh4 Nf4 11.Rg1 Na6 12.gxf4 Qxh4 13.fxe5 dxe5 14.Bg5 Qd4 15.
Qxd4 exd4 16.Bh6 Rf7 17.Nb5 c5 18.Nd6 Re7+ 19.Kd2 Kh8 20.Rxg7 Rxg7 21.Re1 
1-0

[Event "55th World U20 ch"]
[Site "Bhubaneswar IND"]
[Date "2016.08.15"]
[Round "8.32"]
[White "Karthik, Venkataraman"]
[Black "Palucha, Szymon"]
[Result "1-0"]
[WhiteElo "2305"]
[BlackElo "1932"]
[EventDate "2016.08.08"]
[PlyCount "53"]

1.e4 c5 2.Nf3 d6 3.d4 cxd4 4.Nxd4 Nf6 5.Nc3 a6 6.Bg5 e6 7.f4 Qc7 8.Bxf6 
gxf6 9.Qd2 Nd7 10.Be2 h5 11.Bf3 Rb8 12.O-O-O b5 13.Rhe1 Bb7 14.Kb1 Nb6 15.
Qe2 Qc4 16.Qe3 b4 17.Nd5 exd5 18.e5 dxe5 19.fxe5 Bc5 20.exf6+ Kd7 21.Be2 
Qxd4 22.Rxd4 Bxd4 23.Qxd4 Kc6 24.c4 Rbe8 25.Rc1 Rxe2 26.cxd5+ Kb5 27.Qc5+ 
1-0

[Event "55th World U20 ch"]
[Site "Bhubaneswar IND"]
[Date "2016.08.15"]
[Round "8.33"]
[White "Thogersen, Rasmus"]
[Black "Ritviz Bhiva, Parab"]
[Result "0-1"]
[WhiteElo "2171"]
[BlackElo "2259"]
[EventDate "2016.08.08"]
[PlyCount "90"]

1.d4 Nf6 2.c4 g6 3.Nc3 Bg7 4.e4 d6 5.Nf3 O-O 6.Be2 e5 7.O-O Nc6 8.d5 Ne7 
9.Ne1 Nd7 10.Be3 f5 11.f3 f4 12.Bf2 g5 13.Rc1 Ng6 14.Nb5 b6 15.b4 a6 16.
Nc3 Rf7 17.Nd3 Bf8 18.c5 Rb8 19.cxb6 cxb6 20.b5 a5 21.Na4 Nc5 22.Nab2 Rg7 
23.Nxc5 bxc5 24.Nc4 h5 25.h3 Nh8 26.Be1 Nf7 27.Nxa5 Qf6 28.Nc6 Rb7 29.Ba5 
Nh6 30.Bd8 Qg6 31.b6 Rbf7 32.Rc3 g4 33.h4 g3 34.Qa4 Rd7 35.Rb1 Nf7 36.Na7 
Nxd8 37.Nxc8 Qf6 38.Kf1 Qxh4 39.Ke1 Qh1+ 40.Bf1 h4 41.Rb2 Nb7 42.Re2 Rd8 
43.Qc6 h3 44.Ne7+ Bxe7 45.Qxb7 h2 0-1

[Event "55th World U20 ch"]
[Site "Bhubaneswar IND"]
[Date "2016.08.15"]
[Round "8.34"]
[White "Weerasinghe, C. C."]
[Black "Nyamdorj, Davaaochir"]
[Result "1/2-1/2"]
[WhiteElo "1785"]
[BlackElo "2015"]
[EventDate "2016.08.08"]
[PlyCount "95"]

1.d4 Nf6 2.Nf3 d5 3.c4 e6 4.Nc3 Be7 5.Bf4 O-O 6.e3 Nbd7 7.h3 c5 8.cxd5 
Nxd5 9.Nxd5 exd5 10.a3 Qb6 11.Rb1 c4 12.Be2 Bd6 13.Bxd6 Qxd6 14.O-O b5 15.
Nd2 f5 16.Bf3 Rb8 17.Rc1 Nf6 18.Nb1 Ne4 19.b3 Be6 20.a4 a6 21.axb5 axb5 
22.bxc4 bxc4 23.Bxe4 fxe4 24.Nc3 Rf6 25.f4 Qd7 26.Qh5 Rd8 27.Rf2 Rh6 28.
Qe5 Bxh3 29.Qxd5+ Qxd5 30.Nxd5 Rxd5 31.gxh3 Rxh3 32.Rc3 Rxd4 33.Kg2 Rd3 
34.Rxc4 Rdxe3 35.Rxe4 Reg3+ 36.Kf1 Rf3 37.Rxf3 Rxf3+ 38.Kg2 Rb3 39.Re6 h5 
40.Re5 Rb2+ 41.Kg3 g6 42.Rg5 Kh7 43.f5 Rb3+ 44.Kh2 gxf5 45.Rxf5 Kg6 46.Ra5
h4 47.Rd5 h3 48.Ra5 1/2-1/2

[Event "55th World U20 ch"]
[Site "Bhubaneswar IND"]
[Date "2016.08.15"]
[Round "8.35"]
[White "Subramaniam, Shreyes"]
[Black "Salles, Louis"]
[Result "1-0"]
[WhiteElo "1863"]
[BlackElo "2235"]
[EventDate "2016.08.08"]
[PlyCount "79"]

1.e4 e6 2.d4 d5 3.Nc3 Nf6 4.Bg5 dxe4 5.Nxe4 Be7 6.Bxf6 gxf6 7.Nf3 f5 8.Nc3
a6 9.Bc4 Qd6 10.Qe2 Nd7 11.O-O-O b5 12.Bb3 Bb7 13.Rhe1 b4 14.Na4 c6 15.Nc5
Nxc5 16.dxc5 Qf4+ 17.Kb1 Bc8 18.Ne5 O-O 19.g3 Qh6 20.Nxc6 Bf6 21.g4 f4 22.
g5 Bxg5 23.h4 Bf6 24.Ne5 Bg7 25.Ng4 Qg6 26.Rg1 Kh8 27.Qf3 Ra7 28.Qxf4 f5 
29.h5 Qxh5 30.Ne5 Qe8 31.c6 a5 32.Ba4 Qe7 33.Qh2 Rf6 34.Ng6+ Rxg6 35.Rxg6 
Kg8 36.Rxg7+ Kxg7 37.Rg1+ Kf6 38.Qh4+ Ke5 39.Re1+ Kd5 40.Rd1+ 1-0

[Event "55th World U20 ch"]
[Site "Bhubaneswar IND"]
[Date "2016.08.15"]
[Round "8.36"]
[White "Dassanayake, D. M. G. S."]
[Black "Tahay, Alexis"]
[Result "1/2-1/2"]
[WhiteElo "1859"]
[BlackElo "2098"]
[EventDate "2016.08.08"]
[PlyCount "62"]

1.d4 Nf6 2.c4 c5 3.d5 b5 4.cxb5 a6 5.b6 g6 6.Nc3 d6 7.Nf3 Bg7 8.e4 Nbd7 9.
b7 Bxb7 10.Be2 O-O 11.O-O a5 12.a4 Qc8 13.h3 Ba6 14.Re1 Ne8 15.Bg5 f6 16.
Be3 Nc7 17.Rc1 Rb8 18.Bxa6 Qxa6 19.Re2 Rb7 20.Rcc2 Rfb8 21.h4 Rb4 22.Qc1 
Nb6 23.h5 Qc8 24.Bh6 Bxh6 25.Qxh6 Qf8 26.Qc1 g5 27.Na2 Na6 28.Nxb4 Nxb4 
29.Rcd2 Nxa4 30.e5 Nb6 31.exd6 exd6 1/2-1/2

[Event "55th World U20 ch"]
[Site "Bhubaneswar IND"]
[Date "2016.08.15"]
[Round "8.37"]
[White "Skettos, Nicolas"]
[Black "Evangelista, Paul Robert"]
[Result "0-1"]
[WhiteElo "1561"]
[BlackElo "2020"]
[EventDate "2016.08.08"]
[PlyCount "76"]

1.e4 d6 2.d4 Nf6 3.Nc3 c6 4.Be3 b5 5.a3 Nbd7 6.h3 Bb7 7.Nf3 e5 8.Be2 a6 9.
O-O Qc7 10.dxe5 dxe5 11.Nd2 Bc5 12.Bg5 h6 13.Bh4 Bd4 14.Kh1 O-O 15.Bg3 Nc5
16.Bd3 Rfe8 17.Qe2 Ne6 18.Nd1 Rad8 19.Nf3 Nf4 20.Bxf4 exf4 21.Nxd4 Rxd4 
22.Re1 Nxe4 23.Bxe4 Rdxe4 24.Qxe4 Rxe4 25.Rxe4 f3 26.g3 Qd7 27.Kh2 c5 28.
Re3 Qd2 29.c3 Kf8 30.b4 c4 31.Kg1 f5 32.Re5 Be4 33.g4 Qe1+ 34.Kh2 Qf1 35.
Kg3 g5 36.Ne3 f4+ 37.Kh2 Qxf2+ 38.Kh1 Qxe3 0-1

[Event "55th World U20 ch"]
[Site "Bhubaneswar IND"]
[Date "2016.08.15"]
[Round "8.38"]
[White "Squella Lavin, Carlos Felipe"]
[Black "Hsu Chuan Chia"]
[Result "1-0"]
[WhiteElo "2203"]
[BlackElo "1777"]
[EventDate "2016.08.08"]
[PlyCount "59"]

1.d4 g6 2.c4 Bg7 3.Nc3 d6 4.g3 Nf6 5.Nf3 O-O 6.Bg2 Nc6 7.O-O a6 8.Bf4 Nd7 
9.Qd2 e5 10.Bg5 f6 11.Be3 Rb8 12.Rac1 Re8 13.d5 Ne7 14.Bh6 Bh8 15.e4 b5 
16.cxb5 axb5 17.Rfd1 Nf8 18.a3 b4 19.Na2 bxa3 20.bxa3 f5 21.Ng5 fxe4 22.
Nxe4 Bf5 23.f3 Nd7 24.Nb4 Nb6 25.Qg5 Nd7 26.g4 Bxe4 27.fxe4 Bg7 28.Rf1 
Bxh6 29.Qxh6 Nc5 30.Rf7 1-0

[Event "55th World U20 ch"]
[Site "Bhubaneswar IND"]
[Date "2016.08.15"]
[Round "8.39"]
[White "Seppala, Joni"]
[Black "Avik, Sarker"]
[Result "0-1"]
[WhiteElo "1765"]
[BlackElo "2000"]
[EventDate "2016.08.08"]
[PlyCount "122"]

1.d4 Nf6 2.c4 e6 3.Nf3 d5 4.Nc3 Be7 5.Bf4 O-O 6.e3 Nbd7 7.c5 Nh5 8.Bd3 
Nxf4 9.exf4 f5 10.O-O Nf6 11.Qc2 c6 12.Ne5 Nd7 13.b4 Nxe5 14.fxe5 Bd7 15.
Rab1 b5 16.a4 a6 17.axb5 axb5 18.Ra1 Qc7 19.Ra2 Ra7 20.Rfa1 Rfa8 21.Qb2 
Qb7 22.Ra3 Bc8 23.g3 Bd8 24.Kg2 g5 25.f3 h5 26.R1a2 Kg7 27.Rxa7 Rxa7 28.
Qa1 Rxa2+ 29.Qxa2 Qa6 30.Qxa6 Bxa6 31.g4 Bc8 32.Bxb5 cxb5 33.Nxb5 Bd7 34.
Na7 Bc7 35.c6 Be8 36.Nb5 Bb6 37.c7 Bd7 38.gxf5 exf5 39.e6 Bxe6 40.Nd6 Bxd4
41.c8=Q Bxc8 42.Nxc8 Kf6 43.b5 Ke6 44.b6 Kd7 45.b7 Be5 46.Nb6+ Kc6 47.Nc8 
Kxb7 48.Ne7 d4 49.Nxf5 d3 50.Kf2 Bf4 51.Nd4 Kb6 52.Ne6 h4 53.Ke1 Kb5 54.h3
Kc4 55.Kd1 Kd5 56.Nd8 Kd4 57.Ke1 Ke3 58.Ne6 Kxf3 59.Nc5 d2+ 60.Kd1 g4 61.
hxg4 h3 0-1

[Event "55th World U20 ch"]
[Site "Bhubaneswar IND"]
[Date "2016.08.17"]
[Round "9.1"]
[White "Maghsoodloo, Parham"]
[Black "Xiong, Jeffery"]
[Result "0-1"]
[WhiteElo "2576"]
[BlackElo "2633"]
[EventDate "2016.08.08"]
[PlyCount "104"]

1.Nf3 Nf6 2.b3 g6 3.Bb2 Bg7 4.g3 b6 5.Bg2 Bb7 6.O-O O-O 7.c4 c5 8.e3 d5 9.
cxd5 Qxd5 10.Nc3 Qd7 11.d4 cxd4 12.Qxd4 Nc6 13.Qh4 Rad8 14.Rad1 Qc8 15.Nb5
a6 16.Nbd4 Qa8 17.Nxc6 Bxc6 18.Rxd8 Rxd8 19.Bxf6 Bxf6 20.Qf4 Kg7 21.Ne1 
Rd2 22.Qb4 Rxa2 23.Qxb6 Bd5 24.Qb4 Rb2 25.Qb6 a5 26.Qb5 e6 27.Bxd5 Qxd5 
28.Qxd5 exd5 29.Nf3 Rxb3 30.Rd1 Rb5 31.Nd4 Rb6 32.Nc2 Rc6 33.Nd4 Ra6 34.
Nb5 a4 35.Nc7 Rc6 36.Ne8+ Kf8 37.Nxf6 Rxf6 38.Rxd5 Ra6 39.Kf1 a3 40.Rd1 
Ke7 41.Ke1 a2 42.Ra1 Kd6 43.Kd2 Kd5 44.Kd3 Ra3+ 45.Kd2 h5 46.h3 g5 47.g4 
h4 48.Kd1 Ke4 49.Ke2 f6 50.f3+ Kd5 51.Kd2 Kc4 52.Kc2 Rxe3 0-1

[Event "55th World U20 ch"]
[Site "Bhubaneswar IND"]
[Date "2016.08.17"]
[Round "9.2"]
[White "Karthikeyan, Murali"]
[Black "Nasuta, Grzegorz"]
[Result "0-1"]
[WhiteElo "2514"]
[BlackElo "2442"]
[EventDate "2016.08.08"]
[PlyCount "80"]

1.e4 c5 2.Nf3 d6 3.d4 cxd4 4.Nxd4 Nf6 5.Nc3 a6 6.h3 e6 7.g4 Nfd7 8.Bg2 Be7
9.Be3 Nc6 10.Qe2 O-O 11.O-O-O Nxd4 12.Bxd4 Qa5 13.Kb1 Rb8 14.Qd2 Qc7 15.f4
b5 16.f5 Ne5 17.Ne2 Bb7 18.Ng3 Rfc8 19.h4 Nc4 20.Qd3 e5 21.Ba7 Ra8 22.Bf2 
b4 23.g5 a5 24.f6 Ba6 25.fxe7 Na3+ 26.bxa3 Bxd3 27.e8=Q+ Rxe8 28.Rxd3 bxa3
29.Ne2 Rec8 30.Nc3 Rab8+ 31.Kc1 Rb2 32.Kd2 Qc4 33.Rc1 Qb4 34.Be1 Rxa2 35.
Kd1 Rb2 36.Nd5 Rbxc2 37.Bxb4 Rxc1+ 38.Ke2 a2 39.Ne7+ Kh8 40.Nxc8 axb4 0-1

[Event "55th World U20 ch"]
[Site "Bhubaneswar IND"]
[Date "2016.08.17"]
[Round "9.3"]
[White "Xu Yinglun"]
[Black "Svane, Rasmus"]
[Result "1/2-1/2"]
[WhiteElo "2516"]
[BlackElo "2546"]
[EventDate "2016.08.08"]
[PlyCount "61"]

1.d4 Nf6 2.Nf3 d5 3.c4 e6 4.Nc3 c6 5.e3 Nbd7 6.Qc2 Bd6 7.Bd3 O-O 8.O-O e5 
9.cxd5 cxd5 10.e4 exd4 11.Nxd5 Nxd5 12.exd5 h6 13.Nxd4 Qh4 14.Nf3 Qh5 15.
Bh7+ Kh8 16.Qf5 Qxf5 17.Bxf5 Nf6 18.Bc2 b6 19.Ba4 Bb7 20.Bc6 Bxc6 21.dxc6 
Rac8 22.Be3 Rxc6 23.Rac1 Rxc1 24.Rxc1 Rd8 25.g3 Kg8 26.Rd1 Bc7 27.Rxd8+ 
Bxd8 28.Bd4 Nd5 29.Kf1 f6 30.Ke2 Kf7 31.a3 1/2-1/2

[Event "55th World U20 ch"]
[Site "Bhubaneswar IND"]
[Date "2016.08.17"]
[Round "9.4"]
[White "Artemiev, Vladislav"]
[Black "Beukema, Stefan"]
[Result "1-0"]
[WhiteElo "2665"]
[BlackElo "2380"]
[EventDate "2016.08.08"]
[PlyCount "73"]

1.d4 f5 2.g3 Nf6 3.Bg2 g6 4.c3 Bg7 5.Qb3 d5 6.c4 e6 7.Nf3 Nbd7 8.Bg5 c6 9.
O-O O-O 10.e3 h6 11.Bxf6 Bxf6 12.Qc2 Kg7 13.Rd1 Qe7 14.Nbd2 dxc4 15.Nxc4 
e5 16.dxe5 Nxe5 17.Nfxe5 Bxe5 18.Nxe5 Qxe5 19.Rd4 Be6 20.Rad1 Rac8 21.h4 
Rc7 22.R1d2 g5 23.b4 Re8 24.Qd1 Bf7 25.Rc2 c5 26.bxc5 Rxc5 27.Rxc5 Qxc5 
28.Bxb7 gxh4 29.Rxh4 Rb8 30.Qa1+ Kg6 31.Bf3 Qc2 32.Qe5 Rb1+ 33.Kg2 Kh7 34.
Qf6 Bg6 35.Qe7+ Bf7 36.Qxf7+ Kh8 37.Rxh6# 1-0

[Event "55th World U20 ch"]
[Site "Bhubaneswar IND"]
[Date "2016.08.17"]
[Round "9.5"]
[White "Menezes, Christoph"]
[Black "Ivekovic, Bozidar"]
[Result "0-1"]
[WhiteElo "2408"]
[BlackElo "2351"]
[EventDate "2016.08.08"]
[PlyCount "132"]

1.d4 Nf6 2.c4 e6 3.Nc3 c5 4.d5 d6 5.Nf3 g6 6.h3 Bg7 7.e4 O-O 8.Be2 exd5 9.
cxd5 Re8 10.Nd2 Na6 11.O-O Nc7 12.Re1 Bd7 13.a4 a6 14.Bf3 Bf8 15.b3 Rb8 
16.Bb2 b5 17.Qc2 Bg7 18.axb5 axb5 19.Ne2 Bc8 20.b4 c4 21.Nd4 Bb7 22.Nc6 
Bxc6 23.dxc6 Ra8 24.Rad1 Ra2 25.e5 Nh5 26.Bxh5 Rxe5 27.Be2 Re6 28.Rb1 Qe8 
29.Nf3 c3 30.Bd3 cxb2 31.Rxe6 Qxe6 32.Re1 Ra1 33.Kf1 b1=Q 34.Rxb1 Rxb1+ 
35.Qxb1 Bc3 36.Be2 Qd5 37.h4 Qxc6 38.Qc2 Ne6 39.Qc1 h5 40.Kg1 Qe4 41.Bxb5 
Qxb4 42.Bf1 Bf6 43.Qc4 Qa5 44.Qb5 Qd8 45.Qa4 d5 46.g3 Nc5 47.Qc6 Ne6 48.
Bh3 Nf8 49.Ne1 Bd4 50.Bg2 Qa5 51.Nc2 Ba7 52.Qxd5 Qc3 53.Qa2 Bc5 54.Ne3 
Bxe3 55.fxe3 Qxe3+ 56.Qf2 Qc1+ 57.Qf1 Qc7 58.Kh2 Nd7 59.Qe2 Ne5 60.Bf3 Qc3
61.Bxh5 gxh5 62.Qxh5 Qd2+ 63.Kh3 Qd7+ 64.Kg2 Qd5+ 65.Kf1 Qh1+ 66.Ke2 Qg2+ 
0-1